000 00585nam a2200217Ia 4500
003 OSt
005 20221007075338.0
006 a|||||r|||| 00| 0
007 ta
008 221006b |||||||| |||| 00| 0 eng d
024 _a25,789
037 _cReports / Technical Reports
040 _aFLL
_cFLL
_beng
041 _2eng
_aeng
082 _aX72.2.N7, L7
245 0 _aTaxation in India
260 _aNew Delhi
_bIndian Investment Centre India
_c1977
300 _a52p
_ccm.
942 _hX72.2.N7, L7
_cREP
_2CC
999 _c1155715
_d1155715